000
00287nam a2200121Ia 4500
008
230907s9999||||xx |||||||||||||| ||und||
082
_a
174.962
_b
ENG
245
0
_a
Engineering ethics : Concepts and cases
250
_a
6th ed
300
_a
291 p.
590
_a
.....
942
_c
BK
_2
ddc
999
_c
598425
_d
598425